<?xml version="1.0" encoding="UTF-8"?><?xml-stylesheet type="text/xsl" href="static/style.xsl"?><OAI-PMH xmlns="http://www.openarchives.org/OAI/2.0/" xmlns:xsi="http://www.w3.org/2001/XMLSchema-instance" xsi:schemaLocation="http://www.openarchives.org/OAI/2.0/ http://www.openarchives.org/OAI/2.0/OAI-PMH.xsd"><responseDate>2026-04-18T21:00:34Z</responseDate><request verb="GetRecord" identifier="oai:recam.amb.cat:20.500.14439/480" metadataPrefix="marc">https://recam.amb.cat/rest/oai/request</request><GetRecord><record><header><identifier>oai:recam.amb.cat:20.500.14439/480</identifier><datestamp>2024-09-25T13:14:29Z</datestamp><setSpec>com_20.500.14439_118</setSpec><setSpec>col_20.500.14439_122</setSpec></header><metadata><record xmlns="http://www.loc.gov/MARC21/slim" xmlns:dcterms="http://purl.org/dc/terms/" xmlns:xsi="http://www.w3.org/2001/XMLSchema-instance" xmlns:doc="http://www.lyncode.com/xoai" xsi:schemaLocation="http://www.loc.gov/MARC21/slim http://www.loc.gov/standards/marcxml/schema/MARC21slim.xsd">
   <leader>00925njm 22002777a 4500</leader>
   <datafield ind2=" " ind1=" " tag="042">
      <subfield code="a">dc</subfield>
   </datafield>
   <datafield ind2=" " ind1=" " tag="720">
      <subfield code="a">Àrea Metropolitana de Barcelona</subfield>
      <subfield code="e">author</subfield>
   </datafield>
   <datafield ind2=" " ind1=" " tag="260">
      <subfield code="c">2010-01-01</subfield>
   </datafield>
   <datafield ind2=" " ind1=" " tag="520">
      <subfield code="a">Publicació d'educació Àrea Metroplitana de Barcelonaiental en el marc del cicle integral de l'aigua i concretament donar a conèixer l'aigua regenerada com un recurs hídric més. La Rita descobreix per casualitat que el seu avi rega l'hort Àrea Metroplitana de Barcelona aigua regenerada, és a dir, aigua depurada tractada perquè es pugui tornar a usar. La Rita i els seus dos amics, en Djamel i la Txell, no s'acaben de creure que aquesta aigua sigui bona, així que decideixen anar a buscar-ne l'origen. A la planta de regeneració d'aigua descobreixen com es produeix, quines finalitats té i de quina manera contribueix a un ús més sostenible de l'aigua. El conte inclou un quadern d'exercicis per posar ordre a tot allò que hem après Àrea Metroplitana de Barcelona la narració.</subfield>
   </datafield>
   <datafield ind1="8" ind2=" " tag="024">
      <subfield code="a">https://hdl.handle.net/20.500.14439/480</subfield>
   </datafield>
   <datafield ind1="8" ind2=" " tag="024">
      <subfield code="a">276805</subfield>
   </datafield>
   <datafield tag="653" ind2=" " ind1=" ">
      <subfield code="a">Aigua</subfield>
   </datafield>
   <datafield tag="653" ind2=" " ind1=" ">
      <subfield code="a">Aigua potable</subfield>
   </datafield>
   <datafield tag="653" ind2=" " ind1=" ">
      <subfield code="a">Aigües residuals</subfield>
   </datafield>
   <datafield ind2="0" ind1="0" tag="245">
      <subfield code="a">El misteri de l'aigua de l'avi</subfield>
   </datafield>
</record></metadata></record></GetRecord></OAI-PMH>